01551nam a2200265 a 450000100100000000500170001000800410002704000250006808200200009310000300011324500410014326000360018430000200022050000640024059000260030465000280033065000310035891000380038995201320042795201980055995201320075795201900088995201890107999900170126800001096220240412074221.0091013t1973 dr r 000 p spa d aDO-SdBNPbspacBNPHU aRD861.44bR139g1 aRaful, Tony,d1951-9137710aGestión de alborada /cTony Raful. aSanto Domingo :bTaller,c1973. a45 p. ;c21 cm. aIncluye datos biográficos del autor en la contracubierta. aInventariado, 2018/BT 0aPoesía dominicana966 0aLiteratura dominicana.967 aValidado. Control de calidad. EMS 001054708DSaGRbGRcHDd2009-10-13iLF1l0oRD861.44 R139gp10962-30r2020-06-25te.3w2020-06-25yLFDSZPréstamo en sala 001054708DSaGRbGRcHDd2009-10-13iLF1l0oRD861.44 R139gp10962-40r2020-06-25te.4w2020-06-25yLFDSzAutografiado por el autor, dedicado a la Biblioteca Nacional PHUZPréstamo en sala 001054708DSaGRbGRcHDd2011-06-15iLF1l0oRD861.44 R139gp10962-50r2020-06-25te.5w2020-06-25yLFDSZPréstamo en sala 0010718PDaPDbPDcHDd2009-10-13iLF1l0oRD861.44 R139gp10962-10r2020-06-25w2020-06-25yLFPDzPerteneció a la biblioteca personal de Aída Cartagena PortalatínZNo se presta 0010718PDaPDbPDcHDd2009-10-13iLF1l0oRD861.44 R139gp10962-20r2020-06-25te.2w2020-06-25yLFPDzAutografiado por el autor, dedicado a la Biblioteca Nacional PHUZNo se presta c10700d10700